Plurivincitori della classifica marcatori della Coppa Italia - Statistics

Statistiche generali
  • Questo quiz è stato fatto 6 volte
  • Il punteggio medio è 4 su 11
Statistiche sulle risposte
Numero volte caponnoniere Squadre Calciatore % Corretto
3 Cagliari Gigi Riva
100%
2 Parma; Inter Hernán Crespo
100%
3 Bologna; Napoli Giuseppe Savoldi
67%
2 Milan Gianni Rivera
33%
2 Lazio Giuseppe Signori
33%
2 Lazio; Genoa Goran Pandev
33%
2 Benevento Felice Evacuo
0%
2 Sampdoria Francesco Flachi
0%
2 Fiorentina Gianfranco Petris
0%
2 Ascoli; Genoa Gianluca Scamacca
0%
2 Fiorentina Kurt Hamrin
0%
Nessun quiz corrispondente trovato
Distribuzione punteggi
Percentuale di utenti per punteggio
Percentile per numero di risposta
I tuoi punteggi nel tempo
Non hai fatto questo quiz